000
00270nam a2200121Ia 4500
008
190216s9999||||xx |||||||||||||| ||und||
100
_a
Null
245
4
_a
The Holy Qur`An
260
_b
King Fahd Qur`An Printing Complex
300
_a
1258
650
_a
Arabic
942
_c
BK
999
_c
450
_d
450